| 000 | 02397nam1a22004451 4500 | ||
|---|---|---|---|
| 001 | v19\rc\1763709 | ||
| 005 | 20260601070827.0 | ||
| 035 | _a(NLR Aleph) 005231896 | ||
| 090 |
_a5614283 _c5614283 |
||
| 100 | _a20061204d1903 m y0rusy50 ca | ||
| 101 | 0 | _arus | |
| 102 | _aRU | ||
| 105 | _ay z |||a| | ||
| 200 | 1 |
_aБолотный мираж _eроман в двух частях _fВас. Ив. Немирович-Данченко |
|
| 210 |
_aС.-Петербург _cиздание П.П. Сойкина _d[1903] |
||
| 215 |
_a2 т. _d19 |
||
| 225 | 1 | _aСочинения Вас. Ив. Немировича-Данченко | |
| 300 | _aИзд. также под загл.: "Болотные огни" | ||
| 311 | _aНа издат. обл.: "Бесплатное приложение к журн. "Природа и люди" за 1903 г." | ||
| 316 |
_aЭкз. РНБ ч. 1-2 на шифре Л30 Б-3/75 (аллиг. 1) сплетены в один переплет; в конволют приплетен также аллиг. 2: Странники / Вас. Ив. Немирович-Данченко [из той же серии] _aНа издат. переплете загл. серии: Сочинения Василия Ивановича Немировича-Данченко _5NLR: Л30 Б-3/75 (аллиг. 1) |
||
| 316 |
_aЭкз. РНБ ч. 1-2 на шифре 17.128.4.1 (10) сплетены вместе _5NLR: 17.128.4.1 (10) |
||
| 422 | 0 |
_12001#$aПрирода и люди$v1903 _tПрирода и люди |
|
| 451 | 0 |
_12001#$aБолотные огни _tБолотные огни |
|
| 481 | 0 |
_12001#$aСтранники _tСтранники |
|
| 517 | 1 |
_aСочинения Василия Ивановича Немировича-Данченко _zrus |
|
| 532 | 1 | 3 | _aБолотный мираж |
| 620 |
_aRU _dСанкт-Петербург |
||
| 700 | 1 |
_7ca _8rus _aНемирович-Данченко _bВ. И. _f1848-1936 _gВасилий Иванович _9119446 _3RU\NLR\AUTH\779629 |
|
| 801 | 0 |
_aRU _bNLR _gpsbo |
|
| 801 | 0 |
_aRU _bRuMoRGB _2psbo |
|
| 801 | 1 |
_aRU _bProSoft-M _2rusmarc |
|
| 801 | 2 |
_aRU _bNLR _c20110302 _2rusmarc |
|
| 852 |
_aNLR _j17.128.4.1 (10) |
||
| 852 |
_aNLR _jЛ30 Б-3/75 (аллиг. 1) |
||
| 899 |
_aRuMoRGB _jG 47/90 |
||
| 899 |
_aRuMoRGB _jW 83/569 |
||
| 899 | _aБАН | ||
| 899 | _aНБ СПбГУ | ||
| 942 | _cBOOK | ||
| 980 | _aNB | ||